Click the African Capitals on a Map - Statistics

General Stats
  • This quiz has been taken 5,692 times
    1,413 since last reset
  • The average score is 24 of 56
Answers on the Map
Answers color-coded by a green-red scale on the quiz's map according to % correct below.
 
Answer Stats
Answer % Correct
São Tomé
58%
Djibouti
56%
Tunis
55%
Bissau
53%
Cairo
53%
Addis Ababa
52%
Dakar
52%
Nairobi
52%
Cape Town
51%
Accra
50%
Algiers
50%
Rabat
50%
Kampala
49%
Ouagadougou
48%
Abuja
47%
Kinshasa
47%
Monrovia
47%
Antananarivo
46%
Brazzaville
46%
Kigali
46%
Yaoundé
46%
Asmara
45%
Khartoum
45%
Lome
45%
Praia
45%
Conakry
44%
Freetown
44%
Pretoria
44%
Victoria
44%
Yamoussoukro
44%
Lilongwe
43%
Port Louis
43%
Windhoek
43%
Harare
42%
Moroni
42%
Gitega
41%
Ciudad de la Paz
40%
Bloemfontein
40%
Mbabane
40%
Porto-Novo / Cotonou
39%
Dodoma
39%
Libreville
39%
Maseru
39%
Nouakchott
38%
Bangui
37%
Banjul
37%
Gaborone
36%
Lusaka
36%
N'Djamena
36%
Bamako
35%
Juba
35%
Mogadishu
35%
Luanda
33%
Maputo
31%
Niamey
31%
Tripoli
30%
No matching quizzes found
Score Distribution
Percent of People with Each Score
Percentile by Number Answered
Your Score History
You have not taken this quiz since the last reset